00551nam a2200169Ia 4500003000900000008004100009020002200050040001600072080002000088100002100108245013800129260003900267300001400306650002200320650001900342700002000361IN-BaIIA211028s9999 xx 000 0 eng d a978-81-291-0852-4 cIIA Library a954(548.2)bMAT aMathur, Anuradha 0aDeccan traversesbthe making of Bangalore's terraincAnuradha Mathur and Dilip Da Cunha  aNew DelhibRupa Publicationsc2006 axi, 231p. aBangalore history aIndian history aDa Cunha, Dilip